000 00995nam a2200289 i 4500
001 196278
003 ES-MaACL
005 20250827094005.0
007 t|
008 240823s1994 ag l |||| | spa d
040 _aES-MaACL
_bspa
_cES-MaACL
110 1 _aArgentina
_91475
245 1 0 _aConstitución de la Nación Argentina.
260 _aBuenos Aires :
_bImprenta del Congreso de la Nación,
_c1994.
300 _a98 p. ;
_c23 cm.
336 _2rdacontent
_atexto
337 _2rdamedia
_asin mediación
338 _2rdacarrier
_avolumen
610 1 7 _aArgentina.
_tConstitución, 1853
_9169422
852 _aES-MaACL
_jN-9334
_bR.152872
_cDEPOJ
_hDonación: Luis Arrillaga Aldama
_xEncuadernación en piel
_9205403
903 _923318
_aArrillaga Aldama, Luis,
_d1950-
_ednr
942 _cMONOGRAFIA
_n0
999 _c196278
_d196278